Наднациональные механизмы интеграции: монография

Bibliographic Details
Main Author: Зуев В. Н. Владимир Николаевич
Corporate Author: Высшая школа экономики (ВШЭ) Национальный исследовательский университет (НИУ)
Summary:В монографии дана комплексная характеристика наднациональных механизмов интеграции, сделана оценка их эффективности и раскрыта их роль в переходе к более глубоким формам межгосударственного взаимодействия. На актуарных примерах энергетической, антикризисной, бюджетной, валютной, конкурентной, инновационной и других направлений экономической полити­ки показаны пределы и возможности применения наднационатьного алгоритма решения проблем.Книга представляет интерес как с точки зрения развития базовых положе­ний теории межгосударственной экономической интеграции, так и имеет при­кладное значение, обозначая пути оптимизации вариантов встраивания стран в интеграционное взаимодействие на регионатьно.м и глобальном уровнях. Пред­назначена для широкого круга читателей и специалистов в области мировой экономики, межгосударственной интеграции и глобального управления.
Language:Russian
Published: Москва, Магистр, 2016
Subjects:
Format: MixedMaterials Book
KOHA link:https://koha.lib.tpu.ru/cgi-bin/koha/opac-detail.pl?biblionumber=318029

MARC

LEADER 00000nam0a2200000 4500
001 318029
005 20231102003033.0
010 |a 9785977602747 
035 |a (RuTPU)RU\TPU\book\343510 
090 |a 318029 
100 |a 20160419d2016 k y0rusy50 ca 
101 0 |a rus 
102 |a RU 
105 |a y z 000zy 
200 1 |a Наднациональные механизмы интеграции  |e монография  |f В. Н. Зуев  |g Высшая школа экономики (ВШЭ), Национальный исследовательский университет (НИУ) 
210 |a Москва  |c Магистр  |d 2016 
215 |a 287 с. 
330 |a В монографии дана комплексная характеристика наднациональных механизмов интеграции, сделана оценка их эффективности и раскрыта их роль в переходе к более глубоким формам межгосударственного взаимодействия. На актуарных примерах энергетической, антикризисной, бюджетной, валютной, конкурентной, инновационной и других направлений экономической полити­ки показаны пределы и возможности применения наднационатьного алгоритма решения проблем.Книга представляет интерес как с точки зрения развития базовых положе­ний теории межгосударственной экономической интеграции, так и имеет при­кладное значение, обозначая пути оптимизации вариантов встраивания стран в интеграционное взаимодействие на регионатьно.м и глобальном уровнях. Пред­назначена для широкого круга читателей и специалистов в области мировой экономики, межгосударственной интеграции и глобального управления. 
606 1 |a Международная интеграция  |2 stltpush  |3 (RuTPU)RU\TPU\subj\71729  |9 85512 
610 1 |a экономическая интеграция 
610 1 |a наднациональные механизмы 
610 1 |a Европейский союз 
610 1 |a экономические модели 
610 1 |a конкуренция 
610 1 |a антикризисное регулирование 
610 1 |a законы свободной торговли 
610 1 |a экономическая политика 
610 1 |a валютный союз 
610 1 |a энергетическая безопасность 
610 1 |a глобализация 
610 1 |a монографии 
686 |a У580  |v LBC/SL-A  |2 rubbk 
700 1 |a Зуев  |b В. Н.  |g Владимир Николаевич 
712 0 2 |a Высшая школа экономики (ВШЭ)  |b Национальный исследовательский университет (НИУ)  |c (Москва)  |c (2010- )  |2 stltpush  |3 (RuTPU)RU\TPU\col\17951 
801 1 |a RU  |b 63413507  |c 20160419 
801 2 |a RU  |b 63413507  |c 20160603  |g RCR 
942 |c BK 
959 |a 29/20160310  |d 1  |e 634,90  |f ЧЗГЛ:1